000 00880nam a22002417a 4500
999 _c102171
_d102171
005 20221226120305.0
010 _a1617EN ENG-117021 ENG-135941
020 _a9780670088225
_c699.00
035 _aB-648121-126
035 _aEN-100553
035 _aEN-119473
037 _aDPL
_bPancy Books
037 _bDBAD/PUB
082 _a920
100 _aSitapati, Vinay
245 _aHalf lion:
_cby Vinay Sitapati
_bhow P.V.Narasimha Rao transformed India /
260 _aGurgaon
_bPenguin Books
_c2016
270 _a7th floor, infinity Toer C, DLF Cyber City
_bGurgaon (Haryana)
_e122002
300 _a391p.
_c24cm(Hb)
500 _aIncludes notes and index
942 _2ddc
_cEN
_h920
_mVIN